| 000 | 00676nam a2200217 4500 | ||
|---|---|---|---|
| 003 | OSt | ||
| 005 | 20240627075658.0 | ||
| 006 | a | ||
| 008 | 240627b |||||||| |||| 00| 0 eng d | ||
| 020 | _a9789719376422 | ||
| 040 |
_aDWCL-Main lib. _cOC |
||
| 082 | _aFil. 420 P123e 2011 | ||
| 100 | _aPadilla, Edward John | ||
| 245 | _aAn English major’s ultimate guide : LET reviewer / | ||
| 260 |
_aManila : _bMet Review Center, _cc2011. |
||
| 300 |
_b224 p. : ill. ; _c21 cm. |
||
| 504 | _aIncludes bibliographical references. | ||
| 650 | _a1. English language-Examination, questions, etc. | ||
| 650 | _a2. English language-Reviewer. | ||
| 942 |
_2ddc _n0 _cBK - FIL _kFil. |
||
| 999 |
_c1524 _d1524 |
||